[Event "Lansing (MI Op/4/27)"]
[Site "?"]
[Date "1997.??.??"]
[Round "?"]
[White "Dumas, Steve"]
[Black "Arganian, David H"]
[Result "0-1"]
[WhiteElo "1605"]
[BlackElo "1860"]
[PlyCount "64"]
[EventDate "1997.??.??"]

{4/(27)} 1. d4 Nf6 2. Nf3 g6 3. g3 Bg7 4. Bg2 c5 5. c3 O-O 6. Bg5 Ne4 7. Be3
Qb6 8. b3 d6 9. O-O Nc6 10. Ne1 Nf6 11. d5 Nb8 12. Na3 Qa5 13. Qc1 b5 14. Bd2
Bf5 15. c4 b4 16. Nac2 Ne4 17. a3 Bxa1 18. Nxa1 Nxd2 19. Qxd2 Qxa3 20. Nec2
Bxc2 21. Qxc2 a5 22. Qe4 Ra7 23. f4 a4 24. f5 axb3 25. fxg6 hxg6 26. h4 Qb2 27.
Kh2 Rxa1 28. Rxa1 Qxa1 29. Qxe7 Qe5 30. Qa7 Qxe2 31. Kh3 b2 32. Qa2 Qc2 0-1

[Event "Kalamazoo (MI Am/4/18)"]
[Site "?"]
[Date "1997.??.??"]
[Round "?"]
[White "Drysdale, Gilbert"]
[Black "Silveri, Marco"]
[Result "1-0"]
[WhiteElo "1885"]
[BlackElo "1605"]
[PlyCount "57"]
[EventDate "1997.??.??"]

{4/(18)} 1. c4 c5 2. Nc3 Nf6 3. Nf3 g6 4. g3 Bg7 5. Bg2 O-O 6. O-O d6 7. d4
cxd4 8. Nxd4 Nbd7 9. b3 Rb8 10. Bb2 b6 11. Nc6 Qe8 12. Nxb8 Nxb8 13. Nd5 Qd7
14. Nxf6+ exf6 15. Qd5 Qe6 16. e3 Nd7 17. Rad1 Nc5 18. Qxd6 Bb7 19. Bxb7 Nxb7
20. Qc7 Nc5 21. Rd8 Re8 22. Rfd1 Bf8 23. Rxe8 Qxe8 24. Bxf6 Ne6 25. Qxa7 Bg7
26. Bxg7 Kxg7 27. Qxb6 Qa8 28. Rd7 Ng5 29. Qd4+ 1-0

[Event "Kalamazoo (MI Am/2/20)"]
[Site "?"]
[Date "1997.??.??"]
[Round "?"]
[White "Drysdale, Gilbert"]
[Black "Miller, Doug"]
[Result "1-0"]
[WhiteElo "1885"]
[BlackElo "1605"]
[PlyCount "53"]
[EventDate "1997.??.??"]

{2/(20)} 1. c4 Nf6 2. Nc3 g6 3. g3 Bg7 4. Bg2 c6 5. e4 d6 6. Nge2 O-O 7. O-O
Nbd7 8. Rb1 c5 9. b4 cxb4 10. Rxb4 Ne5 11. d3 Nc6 12. Rb1 Bg4 13. f3 Bc8 14.
Be3 Rb8 15. Qd2 b6 16. h3 Bd7 17. f4 Qc8 18. g4 e5 19. f5 Ne7 20. g5 gxf5 21.
gxf6 Bxf6 22. Bg5 Kg7 23. Bh6+ Kg8 24. Bxf8 Kxf8 25. Qh6+ Bg7 26. Qxd6 f4 27.
Nd5 1-0

[Event "Kalamazoo (MI Am/2/39)"]
[Site "?"]
[Date "1997.??.??"]
[Round "?"]
[White "Draper, M."]
[Black "Strodtbeck, J."]
[Result "0-1"]
[WhiteElo "1605"]
[BlackElo "1605"]
[PlyCount "56"]
[EventDate "1997.??.??"]

{2/(39)} 1. d4 d5 2. c4 dxc4 3. Nf3 e6 4. Nc3 Bd6 5. e3 Ne7 6. Bxc4 c6 7. O-O
Nd7 8. Bd2 Ng6 9. Qb3 b5 10. Bd3 h5 11. Ne4 Bc7 12. Qc2 Bb7 13. Neg5 Nh4 14.
Ne4 Nxf3+ 15. gxf3 e5 16. Bc3 f5 17. Ng3 g6 18. Kh1 O-O 19. Rg1 exd4 20. Qb3+
Kh7 21. Bxd4 c5 22. Ne4 fxe4 23. Qe6 Qe8 24. Rxg6 Qxe6 25. Rg7+ Kh6 26. Rag1
exd3 27. Bxc5 Nxc5 28. Rxc7 Bxf3+ 0-1

[Event "Tecumseh (RVO/3/20)"]
[Site "?"]
[Date "1997.??.??"]
[Round "?"]
[White "Draper, M."]
[Black "Dolin, Jack"]
[Result "0-1"]
[WhiteElo "1605"]
[BlackElo "1605"]
[PlyCount "58"]
[EventDate "1997.??.??"]

{3/(20)} 1. d4 d5 2. c4 e6 3. Nc3 Be7 4. e4 dxe4 5. Nxe4 Nf6 6. Nxf6+ Bxf6 7.
Nf3 Nc6 8. Be3 O-O 9. Qd2 e5 10. d5 e4 11. Ng5 Ne5 12. Nxe4 Bf5 13. Nxf6+ Qxf6
14. Be2 Qg6 15. O-O Bh3 16. g3 Bxf1 17. Rxf1 Rfe8 18. Kh1 Nxc4 19. Bxc4 Qe4+
20. Kg1 Qxc4 21. b3 Qe4 22. Bf4 Re7 23. d6 Rd8 24. Qe3 Qxe3 25. fxe3 cxd6 26.
Bg5 f6 27. Bxf6 gxf6 28. Rxf6 Rxe3 29. Kf2 Rc3 0-1

[Event "Tecumseh (RVO/1/10)"]
[Site "?"]
[Date "1997.??.??"]
[Round "?"]
[White "Draper, M."]
[Black "Cole, J."]
[Result "0-1"]
[WhiteElo "1605"]
[BlackElo "1820"]
[PlyCount "32"]
[EventDate "1997.??.??"]

{1/(10)} 1. d4 Nf6 2. c4 g6 3. Nc3 d5 4. cxd5 Nxd5 5. Nf3 Nxc3 6. bxc3 Bg7 7.
e4 c5 8. Bc4 O-O 9. O-O Nc6 10. Bb2 Bg4 11. dxc5 Qa5 12. Qb3 Bxf3 13. gxf3 Qxc5
14. Ba3 Qg5+ 15. Kh1 Qf4 16. Be2 Be5 0-1

[Event "Kalamazoo (MI Am/4/35)"]
[Site "?"]
[Date "1997.??.??"]
[Round "?"]
[White "Draper, M."]
[Black "Alexander, M."]
[Result "1-0"]
[WhiteElo "1605"]
[BlackElo "1605"]
[PlyCount "89"]
[EventDate "1997.??.??"]

{4/(35)} 1. d4 d5 2. c4 c6 3. Nc3 Nf6 4. Nf3 Bf5 5. Qb3 Qc7 6. cxd5 cxd5 7.
Nxd5 Nxd5 8. Qxd5 e6 9. Qb5+ Nd7 10. e3 Be7 11. Be2 O-O 12. O-O Be4 13. Bd2 Nb6
14. Rac1 Bc6 15. Rfe1 Nd5 16. Qd3 Qb6 17. Rc2 Bb4 18. a3 Bxd2 19. Rxd2 Nf6 20.
Ne5 Be4 21. Qb5 Qc7 22. f3 Bd5 23. e4 Bc6 24. Nxc6 bxc6 25. Rc1 Rab8 26. Qxc6
Qxc6 27. Rxc6 Rb7 28. Rdc2 g6 29. Rc7 Rfb8 30. Ba6 Rxb2 31. Rxb2 Rxb2 32. Rxa7
Rb1+ 33. Kf2 Rb2+ 34. Be2 h5 35. Ke3 Ne8 36. a4 Kf8 37. a5 Rc2 38. a6 Nc7 39.
Kd3 Rc6 40. Ke3 Rc2 41. Bd3 Rc6 42. Kf4 Rc3 43. Ke5 Nxa6 44. Bxa6 f5 45. Kf6
1-0

[Event "Tecumseh (RVO/4/9)"]
[Site "?"]
[Date "1997.??.??"]
[Round "?"]
[White "Dowling, James"]
[Black "Walquist, Elaine"]
[Result "0-1"]
[WhiteElo "1605"]
[BlackElo "1745"]
[PlyCount "124"]
[EventDate "1997.??.??"]

{4/(9)} 1. Nf3 Nf6 2. c4 g6 3. Nc3 Bg7 4. e4 d6 5. h3 c5 6. d4 cxd4 7. Nxd4 O-O
8. Be3 Nbd7 9. Be2 Nc5 10. Bf3 Ncd7 11. O-O Ne5 12. Be2 b6 13. f4 Ned7 14. Bf3
Bb7 15. b4 Rc8 16. Qe2 e5 17. Ndb5 Ne8 18. Rfd1 exf4 19. Bxf4 Ne5 20. Bxe5 Bxe5
21. Rac1 a6 22. Nd4 Qf6 23. Qd3 Nc7 24. a4 Ne6 25. Nxe6 fxe6 26. Ne2 Qg5 27.
Bg4 Rf6 28. Rf1 Rcf8 29. Rxf6 Qxf6 30. Qe3 h5 31. Bf3 Qh4 32. Qxb6 Bxe4 33. Qf2
Qg5 34. h4 Qf6 35. Rf1 Qg7 36. Qe3 Bxf3 37. Rxf3 Rxf3 38. Qxf3 Bd4+ 39. Kh1 Ba7
40. g4 hxg4 41. Qxg4 Qf6 42. Nf4 Kf7 43. Kg2 Be3 44. Kf3 Bd2 45. Qxe6+ Qxe6 46.
Nxe6 Kxe6 47. b5 axb5 48. axb5 Ba5 49. Ke4 Bb6 50. Kf4 Bd8 51. Ke4 Bxh4 52. b6
Bf2 53. b7 Ba7 54. Kf4 Bb8 55. Kg4 Ke5 56. Kg5 Kd4 57. Kxg6 Kxc4 58. Kf5 d5 59.
Kg4 d4 60. Kf3 d3 61. Kf2 Kc3 62. Ke1 Kc2 0-1

[Event "Tecumseh (RVO/2/18)"]
[Site "?"]
[Date "1997.??.??"]
[Round "?"]
[White "Dowling, James"]
[Black "Gillom, Donte"]
[Result "1-0"]
[WhiteElo "1605"]
[BlackElo "1605"]
[PlyCount "115"]
[EventDate "1997.??.??"]

{2/(18)} 1. Nf3 Nc6 2. d4 e6 3. c4 d6 4. e4 g6 5. Nc3 Bg7 6. Be3 Nf6 7. h3 O-O
8. Qd2 Na5 9. b4 Nxc4 10. Bxc4 c6 11. Bb3 d5 12. e5 Nd7 13. Bh6 Qe8 14. Bxg7
Kxg7 15. a3 f6 16. O-O-O fxe5 17. Nxe5 Nxe5 18. dxe5 Qf7 19. f3 Qf4 20. Qxf4
Rxf4 21. Ne2 Rf5 22. f4 g5 23. Bc2 Rf8 24. fxg5 Rf2 25. Ng3 Rxg2 26. Nh5+ Kg8
27. Nf6+ Kg7 28. Bxh7 Rxg5 29. Rhg1 Rxg1 30. Rxg1+ Kf7 31. Bg6+ Kf8 32. h4 a5
33. Kb2 axb4 34. axb4 c5 35. bxc5 Ra5 36. Rc1 Rb5+ 37. Ka3 d4 38. Bh7 Ra5+ 39.
Kb4 Ra6 40. Rc4 b6 41. Rxd4 bxc5+ 42. Kxc5 Ra5+ 43. Kd6 Ra6+ 44. Kc7 Ke7 45.
Kxc8 Rc6+ 46. Kb7 Rc5 47. Nd7 Rd5 48. Rxd5 exd5 49. Nc5 d4 50. Kc6 d3 51. Bxd3
Ke8 52. Kd6 Kf8 53. Kd7 Kg7 54. e6 Kh6 55. e7 Kh5 56. e8=Q+ Kxh4 57. Qg8 Kh5
58. Bf5 1-0

[Event "Tecumseh (RVO/5/9)"]
[Site "?"]
[Date "1997.??.??"]
[Round "?"]
[White "Dowling, James"]
[Black "Dolin, Jack"]
[Result "1-0"]
[WhiteElo "1605"]
[BlackElo "1605"]
[PlyCount "159"]
[EventDate "1997.??.??"]

{5/(9)} 1. Nf3 Nf6 2. c4 e6 3. g3 d5 4. Bg2 c6 5. Qc2 dxc4 6. Qxc4 Qd5 7. Qxd5
cxd5 8. O-O Nc6 9. d4 b6 10. Rd1 Ba6 11. Bf1 Rc8 12. Ne1 Bb4 13. f3 Nxd4 14.
Rxd4 Bxe1 15. Na3 b5 16. Be3 Ba5 17. Rdd1 b4 18. Nb1 Rc7 19. Kf2 Kd7 20. Nd2 e5
21. Bh3+ Ke7 22. Nb3 Bb6 23. Rac1 d4 24. Rxc7+ Bxc7 25. Bg5 h6 26. Bd2 Bd6 27.
e4 Bc8 28. Bf1 Be6 29. Rc1 Rc8 30. Rxc8 Bxc8 31. Bc4 Be6 32. Ba6 Bxb3 33. axb3
Nd7 34. Ke2 Nc5 35. Bc4 a5 36. Bd5 Nd7 37. Kd3 Nb6 38. Bc4 f6 39. f4 a4 40.
bxa4 Nxa4 41. b3 Nb2+ 42. Kc2 Nxc4 43. bxc4 Kd7 44. f5 Kc6 45. Kb3 d3 46. g4
Bc5 47. h3 Kb6 48. Ka4 Ka6 49. Bc1 Bf2 50. Bd2 Bc5 51. Bc1 Kb6 52. Bd2 Be7 53.
Be3+ Kc6 54. Kb3 Bc5 55. Bc1 Bf2 56. Bd2 Kc5 57. Bxb4+ Kd4 58. c5 Kxe4 59. c6
Bb6 60. Bf8 Ke3 61. Bxg7 Ke2 62. Bxh6 d2 63. Bxd2 Kxd2 64. g5 e4 65. gxf6 e3
66. f7 Bc5 67. c7 e2 68. c8=Q e1=Q 69. Qxc5 Qb1+ 70. Kc4 Qd3+ 71. Kb4 Qb1+ 72.
Ka5 Qa1+ 73. Kb6 Qf6+ 74. Qc6 Qd8+ 75. Kb7 Qe7+ 76. Qc7 Qe4+ 77. Kb8 Qxf5 78.
Qd8+ Ke3 79. Qe8+ Kd3 80. f8=Q 1-0

[Event "Lansing (MOR/2/45)"]
[Site "?"]
[Date "1997.??.??"]
[Round "?"]
[White "Dolin, Jack"]
[Black "Seppala, Travis"]
[Result "1-0"]
[WhiteElo "1605"]
[BlackElo "1605"]
[PlyCount "37"]
[EventDate "1997.??.??"]

{2/(45)} 1. e4 d5 2. exd5 Qxd5 3. d4 Qe4+ 4. Be3 e5 5. Nc3 Qf5 6. Bd3 Qf6 7.
Nf3 Nc6 8. d5 Nd4 9. Nxd4 exd4 10. Bxd4 Qxd4 11. Bb5+ Bd7 12. Bxd7+ Kxd7 13.
Qxd4 Re8+ 14. Kd2 c5 15. Qa4+ Kd8 16. Qxa7 Nf6 17. Qb8+ Ke7 18. Qxb7+ Nd7 19.
Rhe1+ 1-0

[Event "Tecumseh (RVO/1/27)"]
[Site "?"]
[Date "1997.??.??"]
[Round "?"]
[White "Dolin, Jack"]
[Black "Petriz, Javier"]
[Result "1/2-1/2"]
[WhiteElo "1605"]
[BlackElo "1605"]
[PlyCount "66"]
[EventDate "1997.??.??"]

{1/(27)} 1. d4 e6 2. c4 Nf6 3. Nc3 Bb4 4. Qc2 O-O 5. Bg5 b6 6. Nf3 Bb7 7. g3 d5
8. cxd5 Bxd5 9. Bg2 Nbd7 10. O-O Bxc3 11. Qxc3 h6 12. Bxf6 Nxf6 13. Rac1 Rc8
14. Qa3 a5 15. Rfd1 Qd6 16. Qxd6 cxd6 17. b3 Nd7 18. Nd2 Bxg2 19. Kxg2 d5 20.
e4 f5 21. exd5 exd5 22. Nf3 Kf7 23. Ne5+ Nxe5 24. dxe5 Ke6 25. f4 b5 26. Kf2 b4
27. Ke2 Rfd8 28. Kd2 d4 29. Rxc8 Rxc8 30. Rc1 Rc3 31. Rxc3 dxc3+ 32. Kd3 g5 33.
Kc2 g4 1/2-1/2

[Event "Michigan Senior"]
[Site "Ann Arbor, MI"]
[Date "1997.??.??"]
[Round "3.11"]
[White "Dolin, Jack"]
[Black "Matias, I.C."]
[Result "0-1"]
[WhiteElo "1605"]
[BlackElo "1645"]
[PlyCount "116"]
[EventDate "1997.??.??"]

{3/(11)} 1. d4 Nf6 2. Nf3 d5 3. c4 e6 4. Nc3 c6 5. Bg5 Be7 6. e3 Nbd7 7. Bd3
O-O 8. cxd5 exd5 9. O-O h6 10. Bh4 Ne4 11. Bxe7 Qxe7 12. Qc2 Re8 13. Rab1 Nxc3
14. bxc3 c5 15. c4 dxc4 16. Qxc4 cxd4 17. Nxd4 Ne5 18. Qc2 Nxd3 19. Qxd3 Be6
20. Nf5 Bxf5 21. Qxf5 Rad8 22. Qf3 b6 23. Rfd1 Rxd1+ 24. Rxd1 Rd8 25. Rd5 Rxd5
26. Qxd5 Qc7 27. h3 a5 28. Qa8+ Kh7 29. Qe4+ Kg8 30. Qe8+ Kh7 31. Qe4+ g6 32.
a4 Qc5 33. Qe8 Kg7 34. g4 Qc4 35. Qe5+ Kh7 36. Qe8 Qb3 37. Kg2 Qd5+ 38. Kg3 Kg7
39. e4 Qe6 40. Qxe6 fxe6 41. e5 Kf7 42. Kf4 Ke7 43. Ke3 Kd7 44. Kd3 g5 45. Kc4
Kc6 46. f3 Kb7 47. Kb5 Kc7 48. Kc4 Kc6 49. Kd4 b5 50. axb5+ Kxb5 51. Kc3 Kc5
52. Kb3 Kd5 53. Ka4 Kxe5 54. Kxa5 Kf4 55. Kb5 Kxf3 56. Kc4 e5 57. Kd3 e4+ 58.
Kd2 Kf2 0-1

[Event "Michigan Senior"]
[Site "Ann Arbor, MI"]
[Date "1997.??.??"]
[Round "1.13"]
[White "Dolin, Jack"]
[Black "Jointer, William"]
[Result "1-0"]
[WhiteElo "1605"]
[BlackElo "1670"]
[PlyCount "145"]
[EventDate "1997.??.??"]

{1/(13)} 1. d4 d6 2. Nf3 g6 3. e4 Bg7 4. Bf4 Nf6 5. Bd3 O-O 6. O-O c6 7. h3 b5
8. Qd2 a5 9. Bh6 Nbd7 10. Bxg7 Kxg7 11. a3 Bb7 12. e5 dxe5 13. dxe5 Nd5 14. Nc3
e6 15. Rfe1 b4 16. Nxd5 cxd5 17. axb4 axb4 18. Rxa8 Qxa8 19. Qxb4 Rc8 20. Qe7
Bc6 21. Ng5 Rf8 22. Nxe6+ Kg8 23. Nxf8 Nxf8 24. Qa3 Qb7 25. b4 d4 26. Bf1 Ne6
27. b5 Be4 28. Qa6 Qd5 29. Qc6 Qxc6 30. bxc6 Bxc6 31. Bc4 Nf4 32. f3 h5 33. e6
fxe6 34. Bxe6+ Kg7 35. Kf2 Kf6 36. Bc4 Ba4 37. Bd3 Nd5 38. Re4 Nb4 39. Rxd4
Nxd3+ 40. cxd3 Bb5 41. Ke3 Ke5 42. f4+ Ke6 43. Rb4 Bd7 44. Rb6+ Kf5 45. d4 h4
46. d5 Bc8 47. d6 Bd7 48. Rb7 Ke6 49. Rb6 Kd5 50. Rb1 Kxd6 51. Rd1+ Kc6 52.
Rxd7 Kxd7 53. Kf3 Ke6 54. Kg4 Kf6 55. Kxh4 Kf5 56. Kg3 Kf6 57. Kg4 Kg7 58. Kg5
Kf7 59. Kh6 Kf6 60. g4 Kf7 61. g5 Kg8 62. Kxg6 Kh8 63. f5 Kg8 64. f6 Kh8 65.
Kf7 Kh7 66. Ke8 Kg6 67. h4 Kh5 68. f7 Kxh4 69. g6 Kh5 70. g7 Kg6 71. f8=Q Kh6
72. g8=Q+ Kh5 73. Qf5+ 1-0

[Event "Lansing (MOR/6/23)"]
[Site "?"]
[Date "1997.??.??"]
[Round "?"]
[White "Dolin, Jack"]
[Black "Jointer, William"]
[Result "1-0"]
[WhiteElo "1605"]
[BlackElo "1640"]
[PlyCount "107"]
[EventDate "1997.??.??"]

{6/(23)} 1. d4 Nf6 2. Nf3 g6 3. Nc3 Bg7 4. Bg5 O-O 5. Qd2 d6 6. Bh6 a6 7. e4 b5
8. Bd3 c5 9. d5 c4 10. Bxg7 Kxg7 11. Be2 Nbd7 12. a3 Nc5 13. Qd4 Bd7 14. O-O a5
15. e5 dxe5 16. Qxc5 Rc8 17. Qe3 b4 18. axb4 axb4 19. Na4 Ng4 20. Qb6 Qe8 21.
Qxb4 Bb5 22. b3 Bxa4 23. Rxa4 e4 24. Qc3+ Nf6 25. Nd2 cxb3 26. Qxb3 Rb8 27. Rb4
Rd8 28. Bb5 Nd7 29. Nxe4 f5 30. Nc5 Rf6 31. Ne6+ Kh8 32. Nxd8 Qxd8 33. Bxd7
Qxd7 34. Rb8+ Kg7 35. Rb7 Qd8 36. Re1 Rf7 37. Qc3+ Kh6 38. Qc5 Qh8 39. Rbxe7
Rf8 40. Qe3+ g5 41. Qh3+ Kg6 42. R7e6+ Rf6 43. Rxf6+ Kxf6 44. Re6+ Kg7 45. Qxf5
Qd8 46. Qe5+ Kf7 47. d6 Qb8 48. Qf6+ Kg8 49. Qxg5+ Kf8 50. Qf5+ Kg8 51. Qd5 Kf8
52. Rf6+ Kg7 53. Qf7+ Kh8 54. Qf8+ 1-0

[Event "Lansing (MOR/3/28)"]
[Site "?"]
[Date "1997.??.??"]
[Round "?"]
[White "Dolin, Jack"]
[Black "James, Larry"]
[Result "0-1"]
[WhiteElo "1605"]
[BlackElo "1605"]
[PlyCount "47"]
[EventDate "1997.??.??"]

{3/(28)} 1. d4 Nf6 2. c4 c5 3. Nf3 g6 4. Nc3 cxd4 5. Nxd4 d5 6. cxd5 Nxd5 7.
Bg5 Nxc3 8. bxc3 Bf5 9. Nxf5 Qa5 10. Qd4 Rg8 11. Nh6 Bg7 12. Qd1 Qxg5 13. Qa4+
Nc6 14. Qb3 Bxh6 15. Rd1 Qg4 16. e3 Bg7 17. Bc4 e6 18. O-O Rb8 19. Rd2 Ke7 20.
Qd1 Qxc4 21. Rd7+ Ke8 22. Qd6 Be5 23. Re7+ Nxe7 24. Qxe5 0-1

[Event "Tecumseh (RVO/4/13)"]
[Site "?"]
[Date "1997.??.??"]
[Round "?"]
[White "Dolin, Jack"]
[Black "Grams, Paul"]
[Result "1-0"]
[WhiteElo "1605"]
[BlackElo "1800"]
[PlyCount "67"]
[EventDate "1997.??.??"]

{4/(13)} 1. d4 Nf6 2. c4 g6 3. Nc3 d5 4. Bg5 Bg7 5. Qd2 c6 6. Bh6 O-O 7. Bxg7
Kxg7 8. e3 Nbd7 9. Bd3 e5 10. cxd5 exd4 11. exd4 Re8+ 12. Nge2 c5 13. O-O cxd4
14. Nxd4 Ne5 15. Rfe1 Bg4 16. Rac1 Nxd5 17. Nxd5 Qxd5 18. Be4 Qxa2 19. Bxb7
Rab8 20. Ra1 Nc4 21. Nf5+ Bxf5 22. Qc3+ f6 23. Rxa2 Rxe1+ 24. Qxe1 Rxb7 25. b3
Ne5 26. Qe3 Nc6 27. h3 Rc7 28. Qc5 Rc8 29. b4 Kh6 30. b5 Ne5 31. Qe3+ g5 32.
Rxa7 Nc4 33. Qe7 Rg8 34. Qf7 1-0

[Event "Tecumseh (RVO/2/14)"]
[Site "?"]
[Date "1997.??.??"]
[Round "?"]
[White "Dolin, Jack"]
[Black "Beckham, R."]
[Result "0-1"]
[WhiteElo "1605"]
[BlackElo "1945"]
[PlyCount "72"]
[EventDate "1997.??.??"]

{2/(14)} 1. d4 Nf6 2. c4 g6 3. Bf4 Bg7 4. Nc3 d6 5. Qd2 h6 6. h4 Nbd7 7. e4 e5
8. dxe5 dxe5 9. Be3 Ng4 10. Be2 Nxe3 11. Qxe3 h5 12. g3 c6 13. Rd1 Qa5 14. Nh3
Nc5 15. Ng5 f6 16. Nh3 Bh6 17. f4 Bd7 18. a3 Nb3 19. Nf2 Nd4 20. O-O Be6 21.
Bf3 Bxc4 22. Rfe1 Bb3 23. Rxd4 exd4 24. Qxd4 O-O 25. g4 Bxf4 26. e5 Bg3 27. Qe4
f5 28. gxf5 Rxf5 29. Kg2 Bxf2 30. Kxf2 Raf8 31. Kg2 Be6 32. Re3 Kg7 33. b4 Qc7
34. Na2 Rxf3 35. Rxf3 Rxf3 36. Qxf3 Bd5 0-1

[Event "Lansing (MOR/5/26)"]
[Site "?"]
[Date "1997.??.??"]
[Round "?"]
[White "Dolin, Jack"]
[Black "Aldrich, Justin"]
[Result "1/2-1/2"]
[WhiteElo "1605"]
[BlackElo "1605"]
[PlyCount "140"]
[EventDate "1997.??.??"]

{5/(26)} 1. d4 d5 2. c4 dxc4 3. e3 Nf6 4. Bxc4 e6 5. Nf3 Be7 6. Nc3 Nbd7 7. O-O
b6 8. Qa4 O-O 9. Ba6 c5 10. Bxc8 Qxc8 11. Qc2 Qb7 12. b3 Rac8 13. Bb2 cxd4 14.
Nxd4 Nd5 15. Qd2 Bf6 16. Ne4 Be7 17. Rfc1 N7f6 18. Nxf6+ Bxf6 19. Rxc8 Rxc8 20.
e4 Ne7 21. Qe2 Ng6 22. g3 Rd8 23. Rd1 e5 24. Nb5 Rxd1+ 25. Qxd1 Qxe4 26. Nxa7
Qa8 27. Qd7 h6 28. Qc8+ Qxc8 29. Nxc8 Bd8 30. Nd6 f6 31. a4 Nf8 32. b4 Be7 33.
Nc4 Nd7 34. Ba3 Kf7 35. a5 bxa5 36. Nxa5 Nb6 37. Kf1 Ke6 38. Ke2 Nd5 39. Nc4
Bd6 40. Kd3 Kd7 41. Na5 Bxb4 42. Bxb4 Nxb4+ 43. Ke3 Ke6 44. Nc4 Nc2+ 45. Kf3
Nd4+ 46. Ke4 Nf5 47. Nd2 h5 48. Nb3 Nd6+ 49. Ke3 Kf5 50. h3 Nf7 51. Nd2 Ng5 52.
h4 Ne6 53. Nc4 Kg4 54. Nd6 g6 55. Nf7 Nd4 56. Nh6+ Kh3 57. Ng8 Nf5+ 58. Kf3
Nd4+ 59. Ke3 Nf5+ 60. Kf3 Nxg3 61. fxg3 e4+ 62. Kxe4 Kxg3 63. Nxf6 Kxh4 64. Kf3
Kh3 65. Ne4 Kh4 66. Kg2 g5 67. Nxg5 Kxg5 68. Kh1 Kg4 69. Kg2 h4 70. Kh2 h3
1/2-1/2

[Event "Michigan Team"]
[Site "Ann Arbor, MI"]
[Date "1997.??.??"]
[Round "3.13"]
[White "Djordjevic, B."]
[Black "Fuller, William"]
[Result "1-0"]
[WhiteElo "1605"]
[BlackElo "2105"]
[PlyCount "132"]
[EventDate "1997.??.??"]

{3/1} 1. e4 c5 2. Nf3 Nc6 3. Bb5 g6 4. O-O Bg7 5. c3 a6 6. Bc4 e5 7. d3 Nge7 8.
Bg5 O-O 9. Qd2 d6 10. h3 Be6 11. Na3 d5 12. exd5 Bxd5 13. Bxd5 Qxd5 14. Nc4
Rae8 15. Ne3 Qe6 16. Ng4 h5 17. Ngh2 f6 18. Bh6 Nf5 19. Bxg7 Kxg7 20. Rfd1 Nce7
21. Nf1 Nd5 22. d4 cxd4 23. cxd4 e4 24. Ne1 g5 25. Nc2 Nf4 26. Nfe3 Nh4 27. Ne1
Rd8 28. d5 Qd7 29. Rac1 Rf7 30. Rc4 Re7 31. Qc2 Nhxg2 32. N1xg2 Qxh3 33. Rxe4
Red7 34. Rxf4 gxf4 35. Nxf4 Qf3 36. Qf5 Kg8 37. Nxh5 Qxf5 38. Nxf5 Kf7 39. Nf4
Rg8+ 40. Kf1 Rg5 41. Ne3 Re5 42. Ke2 Rd8 43. Rh1 Rg8 44. Kd3 Rg7 45. Rc1 Ke8
46. Ne6 Rd7 47. Rc8+ Ke7 48. Nf4 Rg5 49. Ke4 Re5+ 50. Kd4 Rg5 51. b4 Rg1 52.
Rh8 Kf7 53. Ne6 Ra1 54. Nc5 Kg7 55. Rc8 Rf7 56. Ne6+ Kg6 57. f4 Rxa2 58. Nf8+
Kh5 59. Ne6 Kh4 60. Ke4 Rb2 61. Rh8+ Kg3 62. Nf5+ Kg2 63. Ne3+ Kg3 64. Nf1+ Kg2
65. Rh2+ Kxf1 66. Rxb2 b6 1-0

[Event "Michigan Team"]
[Site "Ann Arbor, MI"]
[Date "1997.??.??"]
[Round "2.13"]
[White "Djordjevic, B."]
[Black "Chrzan, Anthony"]
[Result "1-0"]
[WhiteElo "1605"]
[BlackElo "1605"]
[PlyCount "113"]
[EventDate "1997.??.??"]

{2/1} 1. b4 e5 2. Bb2 d6 3. e3 Nf6 4. Nf3 Be7 5. Be2 Be6 6. O-O Nbd7 7. c4 O-O
8. d3 Nb6 9. a4 Bg4 10. a5 Nbd7 11. Nc3 d5 12. Qb3 dxc4 13. dxc4 a6 14. h3 Bxf3
15. Bxf3 Rb8 16. Rad1 Qc8 17. Rd2 Rd8 18. Rfd1 b6 19. axb6 Rxb6 20. Ba3 a5 21.
b5 Bxa3 22. Qxa3 Rd6 23. Qxa5 Nb6 24. Rxd6 Rxd6 25. c5 Nc4 26. Qa8 Qxa8 27.
Bxa8 Rxd1+ 28. Nxd1 Nd7 29. Bd5 Na5 30. c6 Nb6 31. e4 Kf8 32. Ne3 g6 33. Ng4 f5
34. Nxe5 Ke7 35. Bg8 Kd6 36. Nd7 Nxd7 37. cxd7 Kxd7 38. Bxh7 fxe4 39. Bxg6 Kd6
40. Bxe4 c6 41. bxc6 Nxc6 42. Bxc6 Kxc6 43. f4 Kd6 44. Kf2 Ke6 45. g4 Kf6 46.
Kf3 Kg6 47. h4 Kh6 48. f5 Kg7 49. g5 Kf7 50. Kf4 Kg7 51. Ke5 Kf7 52. h5 Kg7 53.
Ke6 Kg8 54. f6 Kf8 55. g6 Kg8 56. Ke7 Kh8 57. f7 1-0

[Event "Lansing (MOR/2/19)"]
[Site "?"]
[Date "1997.??.??"]
[Round "?"]
[White "Distefano, R."]
[Black "Venia, A."]
[Result "0-1"]
[WhiteElo "1630"]
[BlackElo "1605"]
[PlyCount "46"]
[EventDate "1997.??.??"]

{2/(19)} 1. e4 e5 2. Nf3 Nc6 3. Bb5 a6 4. Bxc6 dxc6 5. O-O Bd6 6. d4 exd4 7.
Nxd4 Ne7 8. Nc3 O-O 9. Be3 Ng6 10. f4 Bd7 11. f5 Ne5 12. b3 c5 13. Nf3 Ng4 14.
Bc1 Qf6 15. Bd2 Bc6 16. Re1 c4 17. Qe2 cxb3 18. axb3 Rfe8 19. Qc4 Ne5 20. Nxe5
Bxe5 21. Rad1 Rad8 22. Na4 b5 23. Bg5 bxc4 0-1

[Event "Lansing (MOR/4/31)"]
[Site "?"]
[Date "1997.??.??"]
[Round "?"]
[White "Distefano, R."]
[Black "Dolin, Jack"]
[Result "0-1"]
[WhiteElo "1630"]
[BlackElo "1605"]
[PlyCount "50"]
[EventDate "1997.??.??"]

{4/(31)} 1. e4 e6 2. d4 d5 3. Nc3 dxe4 4. Nxe4 Nd7 5. Nf3 Ngf6 6. Nxf6+ Nxf6 7.
Bd3 c5 8. dxc5 Bxc5 9. O-O O-O 10. Bg5 h6 11. Bh4 b6 12. Qe2 Bb7 13. Rad1 Qe7
14. Ne5 Rfd8 15. Ng4 Rd4 16. Bxf6 gxf6 17. Nxh6+ Kf8 18. Rde1 Qc7 19. Ng4 Qf4
20. Ne3 Ke7 21. Nf5+ Kd7 22. Nxd4 Bxd4 23. Qh5 Ke7 24. c3 Rg8 25. g3 Rxg3+ 0-1

[Event "Lansing (MOR/6/31)"]
[Site "?"]
[Date "1997.??.??"]
[Round "?"]
[White "Distefano, R."]
[Black "Cowans, Winston"]
[Result "1-0"]
[WhiteElo "1630"]
[BlackElo "1605"]
[PlyCount "59"]
[EventDate "1997.??.??"]

{6/(31)} 1. e4 d6 2. d4 Nf6 3. Nc3 g6 4. f3 Bg7 5. Be3 c6 6. Qd2 O-O 7. O-O-O
Nbd7 8. h4 e5 9. g4 b5 10. Nce2 Bb7 11. Bh6 Nb6 12. Ng3 exd4 13. Bxg7 Kxg7 14.
Qxd4 Kg8 15. h5 Re8 16. h6 Re5 17. f4 c5 18. Qxd6 Re8 19. Qxc5 Qb8 20. Qg5 Nxe4
21. Nxe4 Bxe4 22. Qf6 Kf8 23. Bxb5 Nd5 24. Qh8+ Ke7 25. Qxe8+ Qxe8 26. Bxe8
Bxh1 27. Bc6 Rd8 28. c4 Nb4 29. Rxd8 Nxc6 30. Rh8 1-0

[Event "Kalamazoo (MI Am/4/10)"]
[Site "?"]
[Date "1997.??.??"]
[Round "?"]
[White "Dimond, A."]
[Black "Steen, Harold"]
[Result "1-0"]
[WhiteElo "1605"]
[BlackElo "1780"]
[PlyCount "77"]
[EventDate "1997.??.??"]

{4/(10)} 1. g3 g6 2. Bg2 Bg7 3. Nf3 Nf6 4. O-O O-O 5. c3 c6 6. Na3 d5 7. Nc2
Re8 8. d4 Nbd7 9. Ne5 Nxe5 10. dxe5 Nd7 11. f4 f5 12. Be3 Nb6 13. b3 Be6 14.
Nd4 Qd7 15. Rc1 Rac8 16. c4 dxc4 17. Nxe6 Qxe6 18. Bxb6 axb6 19. Rxc4 Red8 20.
Rd4 Re8 21. Rd7 Rb8 22. Qd4 Kh8 23. Rd1 c5 24. Qd3 b5 25. Qxb5 Qa6 26. Qxa6
bxa6 27. Bb7 a5 28. R1d5 e6 29. Rxc5 Bf8 30. Rcc7 Red8 31. Rxh7+ Kg8 32. Ba6
Rd1+ 33. Kg2 Rd2 34. Bc4 Re8 35. Kh3 Rxa2 36. Kh4 Rd2 37. Kg5 a4 38. bxa4 Rd4
39. Kxg6 1-0

[Event "Kalamazoo (MI Am/2/19)"]
[Site "?"]
[Date "1997.??.??"]
[Round "?"]
[White "Dimond, A."]
[Black "Beckwith, Stan"]
[Result "1-0"]
[WhiteElo "1605"]
[BlackElo "1905"]
[PlyCount "77"]
[EventDate "1997.??.??"]

{2/(19)} 1. g3 d5 2. Nf3 c5 3. c4 d4 4. e3 Nc6 5. exd4 Nxd4 6. Bg2 g6 7. O-O
Bg7 8. d3 e6 9. Nc3 Ne7 10. Re1 O-O 11. Nxd4 Bxd4 12. Nb5 Bg7 13. Bf4 a6 14.
Nd6 Ra7 15. Rb1 b6 16. b4 Rd7 17. bxc5 bxc5 18. Ne4 Qa5 19. Bg5 f6 20. Be3 Rc7
21. Qb3 Nf5 22. Bd2 Rb7 23. Bxa5 Rxb3 24. Rxb3 Nd4 25. Rb6 f5 26. Nxc5 f4 27.
gxf4 Rxf4 28. Rb8 Rf8 29. Bh3 Nf3+ 30. Kf1 Nxe1 31. Rxc8 Nf3 32. Bxe6+ Kh8 33.
Rxf8+ Bxf8 34. Ne4 h6 35. Kg2 Nh4+ 36. Kg3 g5 37. f4 Kh7 38. fxg5 hxg5 39.
Nxg5+ 1-0

[Event "Kalamazoo (MI Am/2/38)"]
[Site "?"]
[Date "1997.??.??"]
[Round "?"]
[White "Dezerne, T."]
[Black "Kyser, Bob"]
[Result "0-1"]
[WhiteElo "1605"]
[BlackElo "1605"]
[PlyCount "88"]
[EventDate "1997.??.??"]

{2/(38)} 1. e3 e6 2. Nc3 d5 3. Nf3 Nf6 4. d3 Bb4 5. Bd2 O-O 6. e4 Bxc3 7. bxc3
dxe4 8. dxe4 Nxe4 9. Ne5 Nxd2 10. Qxd2 Qxd2+ 11. Kxd2 Nd7 12. Nxd7 Bxd7 13. Bd3
a6 14. Rab1 b5 15. Ke2 c5 16. Rhd1 Bc6 17. c4 Rab8 18. f3 bxc4 19. Rxb8 cxd3+
20. cxd3 Rxb8 21. Rd2 Kf8 22. Ke3 Ke7 23. Rc2 Kd6 24. Re2 a5 25. Rc2 a4 26. d4
cxd4+ 27. Kxd4 Rb4+ 28. Kc3 Rb1 29. Rd2+ Bd5 30. f4 a3 31. Kd4 Rb2 32. Rd1 Rxa2
33. Rb1 Rb2 34. Re1 a2 35. f5 Rb1 36. Re3 a1=Q+ 37. Rc3 Rd1+ 38. Ke3 Qxc3+ 39.
Kf4 e5+ 40. Kg4 Qc4+ 41. Kh3 h5 42. Kg3 Rd3+ 43. Kf2 Qc2+ 44. Ke1 Rd1# 0-1